| 000 | 00937cam a22002775a 4500 | ||
|---|---|---|---|
| 999 |
_c26911 _d26883 |
||
| 001 | 16893339 | ||
| 005 | 20181030121844.0 | ||
| 008 | 110728s2016 enk frb 001 0 eng d | ||
| 010 | _a 2011031851 | ||
| 020 | _a9781409411802 (hbk. : alk. paper) | ||
| 040 |
_aDLC _beng _cDLC _dDLC _dEG-ScBUE |
||
| 082 | 0 | 4 |
_a301.0943 _bREV _222 |
| 245 | 0 | 0 |
_aRevisiting the Frankfurt School : _bessays on culture, media and theory / _cedited by David Berry. |
| 260 |
_aOxon ; _aNew York : _bRoutledge / Taylor & Francis Group, _c2016. |
||
| 300 |
_aviii, 209 p. ; _c24 cm. |
||
| 504 | _aIncludes bibliographical references and index. | ||
| 650 | 7 |
_aFrankfurt school of sociology. _2BUEsh _924294 |
|
| 650 | 7 |
_aCulture _xPhilosophy. _2BUEsh |
|
| 650 | 7 |
_aCritical theory. _2BUEsh |
|
| 650 | 7 |
_aSociology. _2BUEsh |
|
| 651 | _2BUEsh | ||
| 653 | _bCOMAME | ||
| 655 | _vReading book | ||
| 700 | 1 |
_aBerry, David, _d1960-, _eeditor. _941844 |
|
| 942 | _2ddc | ||